000 00429cam a22001337a 4500
008 180718b1891 xxu||||| |||| 00| 0 eng d
082 _aB19x54 M748
100 _aMonier-Williems, Monier
245 _aModern India and the Indians: being a series of impressions, notes, and essays
_cby Monier Monier-Williems
250 _a5th ed.
260 _aLondon
_bKegan, Paul
_c1891
300 _a377p.
650 _aIndia - Social conditions
999 _c374347
_d374347